| 000 | 01060nam0a22002651 4500 | ||
|---|---|---|---|
| 001 | rc\381947 | ||
| 005 | 20170707155718.0 | ||
| 035 | _a(NLR Aleph) 005596695 | ||
| 090 |
_a6269448 _c6269448 |
||
| 100 | _a20030307d1989 u |0rusy50 ca | ||
| 101 | 0 | _arus | |
| 102 | _aRU | ||
| 105 | _ay ||||||||| | ||
| 200 | 1 |
_aБорьба классов и партии во Франции в годы IV Республики _e(Полит. партии IV Республики) _eУчеб. пособие _fМ-во высш. и сред. спец. образования РСФСР, Яросл. гос. ун-т |
|
| 210 |
_aЯрославль _cЯрГУ _d1989 |
||
| 215 |
_a96 с. _d20 |
||
| 320 | _aБиблиогр.: с. 93-95 | ||
| 700 | 1 |
_aКанинская _bГ. Н. _gГалина Николаевна |
|
| 701 | 1 |
_aНаумова _bН. Н. _cканд. ист. наук _gНаталья Николаевна _3RU\NLR\AUTH\770175679 |
|
| 801 | 0 |
_aRU _bNLR _gpsbo |
|
| 801 | 1 |
_aRU _bELAR _2rusmarc |
|
| 852 |
_aNLR _j90-4/2385 |
||
| 942 | _cBOOK | ||
| 980 | _aNB | ||